00483nam a2200181Ia 4500008004100000020001800041041000800059082001800067100001400085245005000099250001200149260003800161300000900199500003100208500002400239650002400263700001400287230125s9999 xx 000 0 und d a0-7069-9905-3 aeng a658.3151bDAV aDavar R S aPersonnel management and industrial relations a10th ed c1996bVikas PublishingaNew Delhi a422p aIndustrial relations,PM/IR aIndustrial relation aPersonal Management aDavar R S